[Event "DVM U14w 2014"]
[Site "Regensburg GER"]
[Date "2014.12.28"]
[Round "4"]
[White "Hauner, Sara-Marie"]
[Black "Takeuchi, Alina"]
[Result "0-1"]
[Termination "normal"]
[Board "8.3"]
[WhiteElo "756"]
[BlackElo "920"]
[WhiteTeam "SC Bavaria Regensburg"]
[BlackTeam "Düsseldorfer SK"]
[PlyCount "86"]
[WhiteFideId "16200578"]
[BlackFideId "16200616"]
[EventCountry "GER"]
[EventRounds "7"]
[EventType "team-swiss"]
[EventDate "2014.12.26"]

1. e4 d5 2. exd5 Qxd5 3. Nc3 Qd6 4. d4 a6 5. Nf3 e6 6. g3 Be7 7. Bf4 Qb6 8. Qd2
Qxb2 9. Rb1 Qa3 10. Rb3 Qa5 11. Bc4 b5 12. Bd3 Nf6 13. O-O O-O 14. Ne5 c5 15.
Ne4 Qxd2 16. Nxd2 c4 17. Bxc4 bxc4 18. Ndxc4 Rd8 19. Nf3 Nc6 20. c3 a5 21. a4
Ra7 22. Rb6 Bd7 23. Nce5 Nxe5 24. Bxe5 h6 25. Nd2 Bxa4 26. Ra1 Nd5 27. Rb2 Nxc3
28. Rc1 Ne2+ 29. Kf1 Nxc1 30. Rb1 Nd3 31. Nb3 Rc8 32. Ke2 Nxe5 33. dxe5 Bb5+
34. Kf3 Rc3+ 35. Kg2 Bc6+ 36. Kf1 Rd7 37. Nxa5 Rd2 38. Nxc6 Rxc6 39. Ke1 Rcc2
40. Rb7 Re2+ 41. Kd1 Rcd2+ 42. Kc1 Ba3+ 43. Kb1 Rd1# 0-1

[Event "DVM U14w 2014"]
[Site "Regensburg GER"]
[Date "2014.12.28"]
[Round "4"]
[White "Bünte, Kirsten"]
[Black "Lederer, Leia"]
[Result "0-1"]
[Termination "normal"]
[Board "9.1"]
[WhiteElo "1316"]
[BlackElo "1569"]
[WhiteTeam "Gütersloher SV"]
[BlackTeam "SV Stuttgart-Wolfbusch"]
[PlyCount "110"]
[WhiteFideId "16200535"]
[BlackFideId "12926353"]
[EventCountry "GER"]
[EventRounds "7"]
[EventType "team-swiss"]
[EventDate "2014.12.26"]

1. d4 Nf6 2. Nf3 g6 3. c4 Bg7 4. Nc3 d6 5. Bf4 Bf5 6. e3 O-O 7. Bd3 Bxd3 8.
Qxd3 Re8 9. O-O Nbd7 10. Rac1 Qc8 11. Nd2 c5 12. d5 Ng4 13. f3 Nde5 14. Qe2 Nh6
15. Bxe5 Bxe5 16. f4 Bg7 17. Nde4 Qf5 18. Ng5 Ng4 19. e4 Bd4+ 20. Kh1 Qd7 21.
h3 Ne3 22. Rfe1 h6 23. Nf3 e6 24. Qd3 e5 25. fxe5 dxe5 26. Rxe3 Bxe3 27. Qxe3
Kh7 28. Qxc5 f6 29. Qb5 Qe7 30. Na4 b6 31. c5 bxc5 32. Qxc5 Qf7 33. Qc7 Re7 34.
Qa5 Qe8 35. Rc7 Rxc7 36. Qxc7+ Kg8 37. Qc4 Rc8 38. Qb3 Kh8 39. Nc3 Qd7 40. Nh4
Kg7 41. Nf3 Kh8 42. Nd2 f5 43. exf5 gxf5 44. Nf3 e4 45. Nd4 Rg8 46. Nce2 Qg7
47. g4 fxg4 48. Qg3 Qg5 49. d6 Qd5 50. Kh2 gxh3 51. Qxh3 Qxd6+ 52. Kh1 Qg6 53.
Qh2 e3 54. Qg1 Qe4+ 55. Kh2 Qh4# 0-1

[Event "DVM U14w 2014"]
[Site "Regensburg GER"]
[Date "2014.12.28"]
[Round "4"]
[White "Kobald, Jacqueline"]
[Black "Neumann, Konstantina"]
[Result "1-0"]
[Termination "normal"]
[Board "9.2"]
[WhiteElo "1207"]
[BlackElo "1182"]
[WhiteTeam "SV Stuttgart-Wolfbusch"]
[BlackTeam "Gütersloher SV"]
[PlyCount "37"]
[WhiteFideId "12988162"]
[BlackFideId "16200543"]
[EventCountry "GER"]
[EventRounds "7"]
[EventType "team-swiss"]
[EventDate "2014.12.26"]

1. e4 e5 2. Nf3 Nc6 3. Bc4 Bc5 4. O-O Nf6 5. d4 exd4 6. e5 Ng4 7. Ng5 d5 8.
exd6 O-O 9. Qd3 Nf6 10. dxc7 Qxc7 11. b3 h6 12. Ne4 Bf5 13. Nxf6+ gxf6 14. Qxf5
Ne5 15. Bxh6 Rfe8 16. Qxf6 Bf8 17. Qg5+ Ng6 18. Qxg6+ Kh8 19. Bxf7 1-0

[Event "DVM U14w 2014"]
[Site "Regensburg GER"]
[Date "2014.12.28"]
[Round "4"]
[White "Neumann, Anna-Alicia"]
[Black "Liu, Sijia Anna"]
[Result "1-0"]
[Termination "normal"]
[Board "9.3"]
[WhiteElo "1115"]
[BlackElo "1040"]
[WhiteTeam "Gütersloher SV"]
[BlackTeam "SV Stuttgart-Wolfbusch"]
[PlyCount "59"]
[WhiteFideId "16200551"]
[BlackFideId "12989746"]
[EventCountry "GER"]
[EventRounds "7"]
[EventType "team-swiss"]
[EventDate "2014.12.26"]

1. e4 {[%emt 0:00:00]} c5 2. Nf3 Nc6 3. c3 e5 4. Bc4 Nf6 5. d3 b6 6. Qb3 Na5 7.
Qa4 a6 8. b4 b5 9. Qc2 bxc4 10. bxa5 cxd3 11. Qxd3 Qxa5 12. Nxe5 d6 13. Nc4 Qc7
14. Bf4 Bb7 15. f3 Rd8 16. O-O Be7 17. Rd1 O-O 18. Bxd6 Bxd6 19. Nxd6 Rd7 20.
e5 Ne8 21. Na3 Nxd6 22. exd6 Qc6 23. Nc4 Re8 24. Re1 Rxe1+ 25. Rxe1 Qc8 26. Nb6
c4 27. Nxc8 Rd8 28. d7 Bxc8 29. Re8+ Rxe8 30. dxe8=R# 1-0

[Event "DVM U14w 2014"]
[Site "Regensburg GER"]
[Date "2014.12.29"]
[Round "6"]
[White "Moses, Selina"]
[Black "Poetsch, Leonore"]
[Result "1-0"]
[Termination "normal"]
[Board "1.1"]
[WhiteElo "1827"]
[BlackElo "1603"]
[WhiteClock "00:38:27"]
[BlackClock "00:58:14"]
[WhiteTeam "SV Muldental Wilkau-Haßlau"]
[BlackTeam "SK Langen"]
[PlyCount "63"]
[WhiteFideId "12908070"]
[BlackFideId "12940372"]
[EventCountry "GER"]
[EventRounds "7"]
[EventType "team-swiss"]
[EventDate "2014.12.26"]

1. e4 {[%clk 1:30:58]} e6 {[%clk 1:30:52]} 2. d4 {[%clk 1:31:21]} d5 {[%clk
1:31:15]} 3. Nd2 {[%clk 1:31:42]} Nf6 {[%clk 1:31:38]} 4. e5 {[%clk 1:32:00]}
Nfd7 {[%clk 1:32:03]} 5. Bd3 {[%clk 1:32:21]} c5 {[%clk 1:32:18]} 6. c3 {[%clk
1:32:41]} Nc6 {[%clk 1:32:38]} 7. Ne2 {[%clk 1:32:42]} Qb6 {[%clk 1:32:31]} 8.
Nf3 {[%clk 1:33:01]} cxd4 {[%clk 1:32:15]} 9. cxd4 {[%clk 1:33:23]} Be7 {[%clk
1:32:26]} 10. b3 {[%clk 1:31:10]} O-O {[%clk 1:30:00]} 11. O-O {[%clk 1:31:07]}
Nb4 {[%clk 1:29:41]} 12. Bb1 {[%clk 1:30:53]} Qc6 {[%clk 1:26:36]} 13. a3
{[%clk 1:25:30]} Na6 {[%clk 1:26:55]} 14. Qd3 {[%clk 1:25:50]} g6 {[%clk
1:27:05]} 15. Bh6 {[%clk 1:22:40]} Re8 {[%clk 1:26:41]} 16. h4 {[%clk 1:17:26]}
Nf8 {[%clk 1:22:42]} 17. h5 {[%clk 1:15:51]} Bd7 {[%clk 1:21:55]} 18. hxg6
{[%clk 1:11:30]} fxg6 {[%clk 1:21:31]} 19. Ng5 {[%clk 1:10:18]} Bxg5 {[%clk
1:21:23]} 20. Bxg5 {[%clk 1:10:42]} Qb5 {[%clk 1:21:08]} 21. Qf3 {[%clk
1:10:22]} Bc6 {[%clk 1:18:47]} 22. Bh6 {[%clk 1:05:38]} Re7 {[%clk 1:16:30]}
23. Nf4 {[%clk 1:02:29]} Rf7 {[%clk 1:15:29]} 24. Qg4 {[%clk 0:59:02]} Be8
{[%clk 1:11:00]} 25. Nh3 {[%clk 0:38:52]} Bd7 {[%clk 1:07:00]} 26. Ng5 {[%clk
0:38:38]} Re7 {[%clk 1:05:34]} 27. Qf3 {[%clk 0:38:50]} Rae8 {[%clk 0:58:50]}
28. Qf6 {[%clk 0:38:31]} Bc8 {[%clk 0:57:11]} 29. Bxf8 {[%clk 0:38:04]} Rxf8
{[%clk 0:57:25]} 30. Qxe7 {[%clk 0:38:21]} Qd7 {[%clk 0:57:49]} 31. Qxd7 {[%clk
0:38:16]} Bxd7 {[%clk 0:58:14]} 32. Bd3 {[%clk 0:38:27]} 1-0

[Event "DVM U14w 2014"]
[Site "Regensburg GER"]
[Date "2014.12.29"]
[Round "6"]
[White "Reinecke, Katharina"]
[Black "Simon, Tessa"]
[Result "1/2-1/2"]
[Termination "normal"]
[Board "1.2"]
[WhiteElo "1671"]
[BlackElo "1831"]
[WhiteClock "00:25:52"]
[BlackClock "00:09:46"]
[WhiteTeam "SK Langen"]
[BlackTeam "SV Muldental Wilkau-Haßlau"]
[PlyCount "53"]
[WhiteFideId "12929727"]
[BlackFideId "12929395"]
[EventCountry "GER"]
[EventRounds "7"]
[EventType "team-swiss"]
[EventDate "2014.12.26"]

1. d4 {[%clk 1:30:58]} d5 {[%clk 1:30:53]} 2. c4 {[%clk 1:31:24]} c6 {[%clk
1:31:09]} 3. Nf3 {[%clk 1:31:47]} Nf6 {[%clk 1:31:30]} 4. e3 {[%clk 1:32:03]}
Bf5 {[%clk 1:31:12]} 5. b3 {[%clk 1:28:07]} e6 {[%clk 1:25:30]} 6. Be2 {[%clk
1:25:23]} Nbd7 {[%clk 1:23:13]} 7. Nbd2 {[%clk 1:23:42]} h6 {[%clk 1:20:53]} 8.
Bb2 {[%clk 1:21:59]} Be7 {[%clk 1:19:39]} 9. O-O {[%clk 1:21:17]} O-O {[%clk
1:19:46]} 10. Rc1 {[%clk 1:14:31]} Qb6 {[%clk 1:08:59]} 11. cxd5 {[%clk
1:11:03]} cxd5 {[%clk 1:08:33]} 12. a3 {[%clk 1:04:53]} Rac8 {[%clk 1:02:27]}
13. b4 {[%clk 1:03:57]} Ne4 {[%clk 0:50:35]} 14. Nxe4 {[%clk 0:59:44]} Bxe4
{[%clk 0:50:52]} 15. Nd2 {[%clk 0:59:06]} Nf6 {[%clk 0:48:43]} 16. Nxe4 {[%clk
0:57:37]} Nxe4 {[%clk 0:48:57]} 17. Bd3 {[%clk 0:55:30]} Nd6 {[%clk 0:44:49]}
18. Qe2 {[%clk 0:52:21]} a6 {[%clk 0:32:35]} 19. Rxc8 {[%clk 0:49:20]} Rxc8
{[%clk 0:32:44]} 20. Rc1 {[%clk 0:49:16]} Rxc1+ {[%clk 0:27:15]} 21. Bxc1
{[%clk 0:49:23]} Qc6 {[%clk 0:24:33]} 22. Qc2 {[%clk 0:44:10]} Nc4 {[%clk
0:20:27]} 23. f3 {[%clk 0:38:42]} Bf6 {[%clk 0:17:49]} 24. Kf2 {[%clk 0:35:54]}
b5 {[%clk 0:14:46]} 25. Bb2 {[%clk 0:33:25]} Qd6 {[%clk 0:10:54]} 26. g3 {[%clk
0:30:24]} Qb6 {[%clk 0:09:46]} 27. Qc3 {[%clk 0:25:52]} 1/2-1/2

[Event "DVM U14w 2014"]
[Site "Regensburg GER"]
[Date "2014.12.29"]
[Round "6"]
[White "Fromm, Katja"]
[Black "Flach, Helene"]
[Result "1-0"]
[Termination "normal"]
[Board "1.3"]
[WhiteElo "1597"]
[BlackElo "1667"]
[WhiteClock "00:39:12"]
[BlackClock "00:24:33"]
[WhiteTeam "SV Muldental Wilkau-Haßlau"]
[BlackTeam "SK Langen"]
[PlyCount "45"]
[WhiteFideId "12929409"]
[BlackFideId "12929735"]
[EventCountry "GER"]
[EventRounds "7"]
[EventType "team-swiss"]
[EventDate "2014.12.26"]

1. d4 {[%clk 1:30:58]} d5 {[%clk 1:30:56]} 2. c4 {[%clk 1:31:24]} e6 {[%clk
1:31:20]} 3. Nc3 {[%clk 1:31:38]} c5 {[%clk 1:31:43]} 4. e3 {[%clk 1:31:34]}
Nc6 {[%clk 1:32:06]} 5. Nf3 {[%clk 1:31:49]} Nf6 {[%clk 1:32:20]} 6. Be2 {[%clk
1:31:23]} a6 {[%clk 1:31:54]} 7. O-O {[%clk 1:30:52]} cxd4 {[%clk 1:29:24]} 8.
exd4 {[%clk 1:31:00]} dxc4 {[%clk 1:29:37]} 9. Bxc4 {[%clk 1:31:18]} b5 {[%clk
1:29:57]} 10. Bb3 {[%clk 1:31:09]} Bd6 {[%clk 1:23:05]} 11. Bg5 {[%clk
1:30:26]} Be7 {[%clk 1:13:02]} 12. Rc1 {[%clk 1:25:01]} Bb7 {[%clk 1:11:11]}
13. Re1 {[%clk 1:21:23]} O-O {[%clk 1:07:44]} 14. Rc2 {[%clk 1:14:14]} Nb4
{[%clk 0:58:13]} 15. Rd2 {[%clk 1:12:54]} Nbd5 {[%clk 0:55:56]} 16. Nxd5 {[%clk
1:10:01]} Nxd5 {[%clk 0:54:30]} 17. Bxe7 {[%clk 1:09:57]} Qxe7 {[%clk 0:54:14]}
18. Ne5 {[%clk 1:06:12]} Qg5 {[%clk 0:42:19]} 19. f3 {[%clk 1:03:25]} Rfd8
{[%clk 0:36:29]} 20. Qe2 {[%clk 0:52:49]} Ne7 {[%clk 0:32:51]} 21. Nxf7 {[%clk
0:38:34]} Kxf7 {[%clk 0:24:19]} 22. Qxe6+ {[%clk 0:38:51]} Ke8 {[%clk 0:24:33]}
23. Rde2 {[%clk 0:39:12]} 1-0

[Event "DVM U14w 2014"]
[Site "Regensburg GER"]
[Date "2014.12.29"]
[Round "6"]
[White "Lehnert, Anna-Victoria"]
[Black "Von Jan, Lena"]
[Result "0-1"]
[Termination "normal"]
[Board "1.4"]
[WhiteElo "1093"]
[BlackElo "1337"]
[WhiteClock "00:09:44"]
[BlackClock "00:07:09"]
[WhiteTeam "SK Langen"]
[BlackTeam "SV Muldental Wilkau-Haßlau"]
[PlyCount "81"]
[WhiteFideId "12957062"]
[BlackFideId "12946060"]
[EventCountry "GER"]
[EventRounds "7"]
[EventType "team-swiss"]
[EventDate "2014.12.26"]

1. d4 {[%clk 1:30:57]} d5 {[%clk 1:30:56]} 2. c4 {[%clk 1:31:12]} e6 {[%clk
1:31:20]} 3. Nc3 {[%clk 1:31:26]} Nf6 {[%clk 1:31:30]} 4. Nf3 {[%clk 1:30:50]}
Be7 {[%clk 1:28:42]} 5. Bf4 {[%clk 1:29:41]} O-O {[%clk 1:17:41]} 6. e3 {[%clk
1:26:07]} b6 {[%clk 1:15:20]} 7. Bd3 {[%clk 1:21:29]} Bb7 {[%clk 1:09:39]} 8.
O-O {[%clk 1:17:44]} c5 {[%clk 1:06:37]} 9. Re1 {[%clk 1:10:49]} Nc6 {[%clk
0:59:35]} 10. b3 {[%clk 0:59:11]} Nb4 {[%clk 0:50:22]} 11. Bf1 {[%clk 0:50:10]}
dxc4 {[%clk 0:47:10]} 12. Bxc4 {[%clk 0:46:58]} Bxf3 {[%clk 0:45:38]} 13. gxf3
{[%clk 0:44:40]} cxd4 {[%clk 0:43:09]} 14. exd4 {[%clk 0:42:45]} Nh5 {[%clk
0:36:25]} 15. Be3 {[%clk 0:40:46]} Rc8 {[%clk 0:31:05]} 16. Ne4 {[%clk
0:35:55]} Nf6 {[%clk 0:25:11]} 17. Nxf6+ {[%clk 0:29:17]} Bxf6 {[%clk 0:23:49]}
18. Re2 {[%clk 0:27:09]} Qe7 {[%clk 0:21:07]} 19. Bc1 {[%clk 0:23:53]} Rfd8
{[%clk 0:18:29]} 20. Re4 {[%clk 0:21:53]} Nc6 {[%clk 0:16:03]} 21. Bb2 {[%clk
0:18:19]} Qd6 {[%clk 0:14:20]} 22. Qe2 {[%clk 0:16:28]} Nxd4 {[%clk 0:13:09]}
23. Bxd4 {[%clk 0:16:37]} Bxd4 {[%clk 0:13:24]} 24. Rd1 Bxf2+ {[%clk 0:13:16]}
25. Kxf2 {[%clk 0:15:17]} Qxd1 {[%clk 0:13:21]} 26. Qxd1 {[%clk 0:14:49]} Rxd1
{[%clk 0:13:44]} 27. Kg2 {[%clk 0:12:48]} Rd2+ {[%clk 0:13:33]} 28. Kg3 {[%clk
0:12:53]} Rxa2 {[%clk 0:12:46]} 29. b4 {[%clk 0:12:09]} Rc2 {[%clk 0:12:23]}
30. Bd3 {[%clk 0:11:51]} R2c3 {[%clk 0:11:39]} 31. Rd4 {[%clk 0:11:22]} g6
{[%clk 0:10:41]} 32. Ba6 {[%clk 0:11:03]} R8c7 {[%clk 0:09:35]} 33. Rd8+ {[%clk
0:10:29]} Kg7 {[%clk 0:09:52]} 34. h3 {[%clk 0:10:00]} Ra3 {[%clk 0:09:32]} 35.
Bb5 {[%clk 0:09:51]} Rcc3 {[%clk 0:08:42]} 36. Be2 {[%clk 0:09:48]} Re3 {[%clk
0:08:28]} 37. Bd1 {[%clk 0:09:00]} Red3 {[%clk 0:08:21]} 38. Rxd3 {[%clk
0:08:45]} Rxd3 {[%clk 0:08:43]} 39. Be2 {[%clk 0:09:09]} Re3 {[%clk 0:08:07]}
40. Kf2 {[%clk 0:09:25]} Rxe2+ {[%clk 0:07:09]} 41. Kxe2 {[%clk 0:09:44]} 0-1

[Event "DVM U14w 2014"]
[Site "Regensburg GER"]
[Date "2014.12.29"]
[Round "6"]
[White "Schneider, Jana"]
[Black "Wächter, Nathalie"]
[Result "1/2-1/2"]
[Termination "normal"]
[Board "2.1"]
[WhiteElo "1759"]
[BlackElo "1843"]
[WhiteClock "00:43:27"]
[BlackClock "00:01:27"]
[WhiteTeam "SK Neumarkt"]
[BlackTeam "TuRa Harksheide"]
[PlyCount "93"]
[WhiteFideId "12924997"]
[BlackFideId "12921033"]
[EventCountry "GER"]
[EventRounds "7"]
[EventType "team-swiss"]
[EventDate "2014.12.26"]

1. e4 {[%clk 1:30:57]} e5 {[%clk 1:30:51]} 2. Nf3 {[%clk 1:31:17]} Nc6 {[%clk
1:31:15]} 3. Bc4 {[%clk 1:31:39]} Bc5 {[%clk 1:31:19]} 4. c3 {[%clk 1:31:56]}
Nf6 {[%clk 1:31:37]} 5. d3 {[%clk 1:32:16]} d6 {[%clk 1:31:24]} 6. Bb3 {[%clk
1:32:24]} O-O {[%clk 1:30:54]} 7. Bg5 {[%clk 1:31:59]} h6 {[%clk 1:30:25]} 8.
Bh4 {[%clk 1:32:16]} Bg4 {[%clk 1:30:03]} 9. h3 {[%clk 1:32:15]} Be6 {[%clk
1:27:40]} 10. Nbd2 {[%clk 1:31:21]} Bb6 {[%clk 1:24:05]} 11. O-O {[%clk
1:22:59]} Bxb3 {[%clk 1:21:36]} 12. Qxb3 {[%clk 1:21:34]} Qe7 {[%clk 1:20:46]}
13. Nc4 {[%clk 1:20:55]} Qe6 {[%clk 1:16:29]} 14. Rfe1 {[%clk 1:19:12]} Nh5
{[%clk 1:12:20]} 15. Qd1 {[%clk 1:16:15]} Qg6 {[%clk 1:08:48]} 16. Nxb6 {[%clk
1:15:01]} axb6 {[%clk 1:09:00]} 17. d4 {[%clk 1:13:18]} Rae8 {[%clk 0:54:15]}
18. dxe5 {[%clk 1:09:29]} Nxe5 {[%clk 0:52:55]} 19. Nxe5 {[%clk 1:08:08]} Rxe5
{[%clk 0:51:46]} 20. Qg4 {[%clk 1:05:52]} Qxg4 {[%clk 0:45:21]} 21. hxg4 {[%clk
1:06:10]} g5 {[%clk 0:44:16]} 22. Bxg5 {[%clk 1:04:01]} hxg5 {[%clk 0:43:42]}
23. gxh5 {[%clk 1:04:21]} g4 {[%clk 0:43:58]} 24. Re3 {[%clk 1:03:57]} Kh7
{[%clk 0:42:46]} 25. Rae1 {[%clk 1:01:50]} Kh6 {[%clk 0:40:02]} 26. f4 {[%clk
1:00:21]} gxf3 {[%clk 0:38:50]} 27. Rxf3 {[%clk 1:00:24]} Kxh5 {[%clk 0:37:47]}
28. Rf5+ {[%clk 0:59:15]} Kg6 {[%clk 0:34:04]} 29. Rxe5 {[%clk 0:59:08]} dxe5
{[%clk 0:34:27]} 30. Rd1 {[%clk 0:59:30]} Ra8 {[%clk 0:30:50]} 31. a3 {[%clk
0:54:15]} Ra4 {[%clk 0:30:48]} 32. Rd7 {[%clk 0:54:02]} Rc4 {[%clk 0:25:21]}
33. Kf2 {[%clk 0:53:25]} Kf6 {[%clk 0:17:41]} 34. Kf3 {[%clk 0:52:56]} Ke6
{[%clk 0:15:17]} 35. Rd8 {[%clk 0:52:45]} b5 {[%clk 0:14:25]} 36. Rd5 {[%clk
0:51:11]} Rxe4 {[%clk 0:12:59]} 37. Rxb5 {[%clk 0:50:50]} Rf4+ {[%clk 0:13:13]}
38. Ke3 {[%clk 0:50:27]} b6 {[%clk 0:13:22]} 39. Rb4 {[%clk 0:45:51]} Rxb4
{[%clk 0:09:32]} 40. cxb4 {[%clk 0:46:11]} Kd5 {[%clk 0:08:09]} 41. g4 {[%clk
0:44:28]} f6 {[%clk 0:07:01]} 42. b3 {[%clk 0:44:07]} c5 {[%clk 0:01:11]} 43.
bxc5 {[%clk 0:43:36]} Kxc5 {[%clk 0:01:34]} 44. Ke4 {[%clk 0:43:53]} b5 {[%clk
0:01:29]} 45. g5 {[%clk 0:43:05]} fxg5 {[%clk 0:01:35]} 46. Kxe5 {[%clk
0:43:27]} g4 {[%clk 0:01:27]} 47. Ke4 1/2-1/2

[Event "DVM U14w 2014"]
[Site "Regensburg GER"]
[Date "2014.12.29"]
[Round "6"]
[White "Köhler, Inken"]
[Black "Schilay, Eva"]
[Result "1-0"]
[Termination "normal"]
[Board "2.2"]
[WhiteElo "1740"]
[BlackElo "1464"]
[WhiteClock "00:33:09"]
[BlackClock "00:11:21"]
[WhiteTeam "TuRa Harksheide"]
[BlackTeam "SK Neumarkt"]
[PlyCount "108"]
[WhiteFideId "12929301"]
[BlackFideId "12930164"]
[EventCountry "GER"]
[EventRounds "7"]
[EventType "team-swiss"]
[EventDate "2014.12.26"]

1. e4 {[%clk 1:30:59]} d5 {[%clk 1:30:55]} 2. exd5 {[%clk 1:31:22]} Qxd5 {[%clk
1:31:20]} 3. Nc3 {[%clk 1:31:42]} Qa5 {[%clk 1:31:45]} 4. d4 {[%clk 1:31:40]}
c6 {[%clk 1:31:46]} 5. Bc4 {[%clk 1:30:59]} Bf5 {[%clk 1:31:53]} 6. Nf3 {[%clk
1:30:31]} Nf6 {[%clk 1:31:26]} 7. O-O {[%clk 1:29:53]} e6 {[%clk 1:24:51]} 8.
Bf4 {[%clk 1:27:03]} Be7 {[%clk 1:21:56]} 9. Re1 {[%clk 1:26:15]} Nbd7 {[%clk
1:17:32]} 10. Bb3 {[%clk 1:20:10]} O-O {[%clk 1:14:59]} 11. Ne5 {[%clk
1:16:56]} Qc7 {[%clk 1:04:51]} 12. Ng6 {[%clk 1:14:53]} Bd6 {[%clk 0:59:29]}
13. Bxd6 {[%clk 1:13:13]} Qxd6 {[%clk 0:59:52]} 14. Nxf8 {[%clk 1:13:32]} Rxf8
{[%clk 1:00:00]} 15. Ne2 {[%clk 1:12:10]} Nb6 {[%clk 0:45:34]} 16. Ng3 {[%clk
1:11:12]} Bg4 {[%clk 0:45:39]} 17. f3 {[%clk 1:10:09]} Bh5 {[%clk 0:45:45]} 18.
Nxh5 {[%clk 1:08:37]} Nxh5 {[%clk 0:46:07]} 19. c3 {[%clk 1:08:44]} Nf6 {[%clk
0:44:13]} 20. Qe2 {[%clk 1:07:45]} Nbd5 {[%clk 0:39:30]} 21. Rad1 {[%clk
1:06:57]} Rd8 {[%clk 0:30:57]} 22. Qe5 {[%clk 1:03:37]} Qd7 {[%clk 0:31:04]}
23. Qg5 {[%clk 0:55:13]} h6 {[%clk 0:29:25]} 24. Qh4 {[%clk 0:53:43]} Qc7
{[%clk 0:24:57]} 25. Bxd5 {[%clk 0:43:11]} cxd5 {[%clk 0:24:57]} 26. Qf2 {[%clk
0:42:46]} Rc8 {[%clk 0:24:17]} 27. Rc1 {[%clk 0:42:16]} Qa5 {[%clk 0:19:48]}
28. a3 {[%clk 0:39:41]} Rc6 {[%clk 0:17:48]} 29. Qc2 {[%clk 0:37:00]} Qc7
{[%clk 0:17:35]} 30. Re2 {[%clk 0:34:49]} Nd7 {[%clk 0:16:18]} 31. b3 {[%clk
0:33:45]} b5 {[%clk 0:15:26]} 32. Qb2 {[%clk 0:30:21]} Nb6 {[%clk 0:13:30]} 33.
Rec2 {[%clk 0:30:25]} Kh7 {[%clk 0:11:56]} 34. Qa2 {[%clk 0:29:30]} a6 {[%clk
0:11:30]} 35. g3 {[%clk 0:28:00]} Kg6 {[%clk 0:09:36]} 36. Kf2 {[%clk 0:23:03]}
Kf6 {[%clk 0:09:04]} 37. Ke2 {[%clk 0:22:19]} Ke7 {[%clk 0:05:57]} 38. Kd3
{[%clk 0:21:48]} Kd6 {[%clk 0:06:19]} 39. a4 {[%clk 0:21:00]} bxa4 {[%clk
0:02:32]} 40. Qa3+ {[%clk 0:20:57]} Kd7 {[%clk 0:02:30]} 41. bxa4 {[%clk
0:21:12]} Ke8 {[%clk 0:00:38]} 42. Rb1 {[%clk 0:20:16]} Nc4 {[%clk 0:28:54]}
43. Qa2 {[%clk 0:50:07]} Ke7 {[%clk 0:26:41]} 44. Rb4 {[%clk 0:49:50]} Kf6
{[%clk 0:26:21]} 45. Qb3 {[%clk 0:47:50]} Qd6 {[%clk 0:25:22]} 46. Rb8 {[%clk
0:45:17]} a5 {[%clk 0:23:31]} 47. Rc1 {[%clk 0:43:15]} e5 {[%clk 0:19:34]} 48.
Qb5 {[%clk 0:39:11]} e4+ {[%clk 0:16:56]} 49. fxe4 {[%clk 0:37:47]} dxe4+
{[%clk 0:17:18]} 50. Ke2 {[%clk 0:37:25]} Qe6 {[%clk 0:14:40]} 51. Rf1+ {[%clk
0:35:28]} Kg6 {[%clk 0:14:23]} 52. Rf4 {[%clk 0:34:48]} Rd6 {[%clk 0:11:21]}
53. Re8 {[%clk 0:33:09]} Qd5 54. Qxd5 Rxd5 1-0

[Event "DVM U14w 2014"]
[Site "Regensburg GER"]
[Date "2014.12.29"]
[Round "6"]
[White "Schilay, Maria"]
[Black "Janke, Luisa"]
[Result "1-0"]
[Termination "normal"]
[Board "2.3"]
[WhiteElo "1234"]
[BlackElo "1369"]
[WhiteClock "00:45:01"]
[BlackClock "00:45:34"]
[WhiteTeam "SK Neumarkt"]
[BlackTeam "TuRa Harksheide"]
[PlyCount "53"]
[WhiteFideId "12942979"]
[BlackFideId "12925225"]
[EventCountry "GER"]
[EventRounds "7"]
[EventType "team-swiss"]
[EventDate "2014.12.26"]

1. e4 {[%clk 1:30:57]} c6 {[%clk 1:30:55]} 2. Nf3 {[%clk 1:31:20]} d5 {[%clk
1:31:09]} 3. exd5 {[%clk 1:31:27]} cxd5 {[%clk 1:31:25]} 4. Ne5 {[%clk
1:31:20]} Nd7 {[%clk 1:30:56]} 5. Bb5 {[%clk 1:29:02]} Ngf6 {[%clk 1:30:39]} 6.
d4 {[%clk 1:28:59]} Qa5+ {[%clk 1:30:41]} 7. Nc3 {[%clk 1:29:18]} Qc7 {[%clk
1:29:19]} 8. Bf4 {[%clk 1:25:17]} Qd8 {[%clk 1:28:12]} 9. Qf3 {[%clk 1:21:27]}
e6 {[%clk 1:25:21]} 10. a3 {[%clk 1:13:59]} a6 {[%clk 1:24:47]} 11. Bd3 {[%clk
1:13:25]} Qb6 {[%clk 1:21:38]} 12. Ne2 {[%clk 1:03:52]} Qxb2 {[%clk 1:14:41]}
13. O-O {[%clk 1:03:46]} Qb6 {[%clk 1:14:00]} 14. Rfb1 {[%clk 1:03:26]} Qd8
{[%clk 1:14:11]} 15. Nc3 {[%clk 0:59:24]} Be7 {[%clk 1:11:41]} 16. Qg3 {[%clk
0:58:10]} Nh5 {[%clk 1:10:13]} 17. Qg4 {[%clk 0:58:01]} Nxf4 {[%clk 1:09:58]}
18. Qxf4 {[%clk 0:58:04]} Nf6 {[%clk 1:09:46]} 19. Re1 {[%clk 0:57:07]} O-O
{[%clk 1:09:23]} 20. Re3 {[%clk 0:56:23]} Qa5 {[%clk 0:57:06]} 21. Rh3 {[%clk
0:51:07]} g6 {[%clk 0:52:55]} 22. Be2 {[%clk 0:49:06]} b5 {[%clk 0:47:16]} 23.
Nc6 {[%clk 0:45:26]} Qb6 {[%clk 0:45:05]} 24. Nxe7+ {[%clk 0:45:29]} Kg7 {[%clk
0:45:19]} 25. Qh6+ {[%clk 0:45:08]} Kh8 {[%clk 0:45:22]} 26. Qxf8+ {[%clk
0:45:20]} Ng8 {[%clk 0:45:34]} 27. Qxg8# {[%clk 0:45:01]} 1-0